Statistics for Diaspora-Peru

Click here to take the quiz!

General Stats

  • This quiz has been taken 30 times
  • The average score is 14 of 15

Answer Stats

Number of immigrants Continent Country % Correct
626.789North AmericaUnited States of America
100%
369.183South AmericaArgentina
100%
266.244South AmericaChile
100%
109.668EuropeItaly
100%
120.000EuropeSpain
96%
34.385North AmericaCanada
96%
5.886North AmericaMexico
96%
20.000South AmericaBrazil
93%
9.000EuropeGermany
93%
98.974South AmericaVenezuela
89%
22.002EuropeFrance
89%
6.427OceaniaAustralia
85%
5.000EuropeUnited Kingdom
85%
60.000AsiaJapan
74%
7.634EuropeSweden
63%

Score Distribution

Percentile by Number Answered

Percent of People with Each Score

Your Score History

You have not taken this quiz